000
00329 a2200169 4500
001
187693
020
_a
85-08-09470-1
040
_c
Magnum
100
_a
Furnari, Eva
240
1
0
_a
Anjinho
_l
por
245
1
0
_a
Anjinho
300
_a
40
362
0
_a
2004
440
1
_a
Ática
697
_a
LITERATURA INFANTIL
942
_c
BK
999
_c
187693
_d
187693